000 00301nam a22001337a 4500
008 170717b xxu||||| |||| 00| 0 eng d
020 _a006063572X
041 _aeng
080 _a2
100 _a24
101 _aTEO
245 _aINTRODUCTION TO THE STUDY OF RELIGION
_cHALL, T.W
942 _2udc
_cBK
999 _c21283
_d21283